000 00324nam a22001337a 4500
008 170919b xxu||||| |||| 00| 0 eng d
020 _a0867082118
041 _aeng
080 _a7
100 _a44
101 _aART
245 _aMASTERING COMPOSITION AND LIGHT CREATIVE PHOTOGRAPHY
_cROBERTS.J
942 _2udc
_cBK
999 _c28202
_d28202